| 000 | 004420000a22001570004500 | ||
|---|---|---|---|
| 003 | MACL | ||
| 005 | 20160220124427.0 | ||
| 008 | 160220b xxu||||| |||| 00| 0 eng d | ||
| 040 |
_aMACL _cmacl |
||
| 041 | _aHindi | ||
| 082 | _a370 | ||
| 245 | _aप्रौढ शिक्षा | ||
| 260 |
_bयुनिवर्सिटी प्रेस _c1956 _aनई दिल्ली |
||
| 650 |
_aEducation _939188 |
||
| 942 |
_cHIN _k370 _2ddc |
||
| 999 |
_c24665 _d24665 |
||